| 000 | 00981cam a22002775i 4500 | ||
|---|---|---|---|
| 001 | 18872939 | ||
| 005 | 20220326193341.0 | ||
| 008 | 151127s2014 bl a 000 0 por | ||
| 010 | _a 2015501056 | ||
| 020 | _a9788585298470 | ||
| 040 |
_aDLC _beng _cDLC _erda |
||
| 042 | _alcode | ||
| 082 |
_a700.74 _bB453h |
||
| 100 |
_aNuria Enguita Mayo. _94510 |
||
| 245 | 0 | 0 |
_aHow to look for things that don't exist : _bguide 31st Bienal / _ccuradoria, Nuria Enguita Mayo. |
| 260 |
_aSao paolo, Brasil _bBienal de Sao Paolo _c2014 |
||
| 300 |
_a223 pages : _billustrations [some color illustrations] ; _c19 cm |
||
| 650 |
_a31 st Bienal de Sao Paolo _vExhibición _zBrasil _94511 |
||
| 700 |
_aNuria Enguita Mayo. _94512 |
||
| 700 |
_aGalit Eliat _94513 |
||
| 700 |
_aPablo La Fuente _94514 |
||
| 700 |
_aBenjamin Seroussi _94515 |
||
| 700 |
_aLuiza Proenca _94516 |
||
| 906 |
_a0 _bibc _corigode _d3 _encip _f20 _gy-gencatlg |
||
| 999 |
_c829 _d829 |
||